000 00627cad a2200145 4500
001 WS122786
008 030627n 000 0 eng u
035 _a(Sirsi) u122786
110 _aAsset Skills
_95165
245 _aAsset Skills[electric resource]
520 _aWeb site for Asset Skills is the Sector Skills Council for facilities management, housing, property, planning, cleaning and parking. Formerly known as Property Services National Training Organisation.
690 _aCAREERS, EDUCATION AND TRAINING
856 4 0 _uhttps://www.assetskills.org/
_zView the website free of charge at www.assetskills.org.
942 _n0
999 _c120289
_d120289